000 00864nam a22002891a 4500
001 016051003
003 Uk
005 20130226133100.0
007 ta
008 121106s2013 maua b 001 0 eng d
020 _a0132877678 (pbk.)
020 _a9780132877671 (pbk.)
082 0 4 _a658.562
_223
_bBES
100 1 _aBesterfield, Dale H.
_932727
245 1 0 _aQuality Improvement /
_cDale H. Besterfield.
250 _a9th ed.
260 _aBoston :
_bPearson,
_cc2013.
300 _avi, 267 p. :
_bill. ;
_c28 cm.
490 0 _aAlways learning
500 _aFormerly entitled: Quality control.
500 _a"International edition"--Cover.
504 _aIncludes bibliographical references and index.
650 0 _aQuality control.
_932728
653 _bMec
_cFebruary2013
700 1 _aBesterfield, Dale H.
_tQuality control.
_932729
942 _2ddc
_cBB
999 _c17327
_d17299